LEADER 00682nam a2200205 i 4500 001 991004344836307536 005 20240924114848.0 008 240924s1855 it er 001 0 ita d 040 $aBibl. Interfacoltà T. Pellegrino$bita$cSocioculturale Scs 041 0 $aita 082 04$a207$223 245 03$aIl giovane :$bdiretto negli esercizi di pietà cristiana : per uso delle scuole della Compagnia di Gesù 250 $a2. edizione 260 $aNapoli :$bStamperia del Fibreno,$c1855 300 $a285 p. ;$c15 cm 650 4$aCristianesimo$vTesti scolastici 710 1 $aGesuiti.$bCollegium Lupiense 912 $a991004344836307536 996 $aGiovane$94229241 997 $aUNISALENTO